| 000 | 00353nam a2200121Ia 4500 | ||
|---|---|---|---|
| 008 | 151213s9999 xx 000 0 und d | ||
| 245 | _aBangladesh Economics Review-2005 | ||
| 260 |
_aBangladesh _bEconomics Adviser's Wing Finance Diving Ministry Of Finance _c2005 |
||
| 300 | _a3493 p. | ||
| 650 | _aEconomic Review | ||
| 650 | _aEconomics | ||
| 999 |
_c2312 _d2312 |
||